| 000 | 00538nam a22001817a 4500 | ||
|---|---|---|---|
| 003 | CEME | ||
| 005 | 20210628202509.0 | ||
| 008 | 210204b xxu||||| |||| 00| 0 eng d | ||
| 020 | _a0748401164 | ||
| 040 | _c. | ||
| 082 | _a629.8 UTK | ||
| 100 |
_aUtkin, Vadim, Guldner, Jurgen, Shi, Jingxin _960157 |
||
| 245 | _aSliding mode control in electromechancial systems | ||
| 260 |
_aLONDON _bTAYLOR _c1999 |
||
| 300 | _a325P | ||
| 650 |
_aSLIDING MODE CONTROL IN ELECTROMECHANCIAL SYSTEMS.SLIDING MODE CONTROL. _960158 |
||
| 942 |
_cBK _2ddc |
||
| 999 |
_c569962 _d569962 |
||